00394nam a2200145Ia 4500008004100000020001500041041000800056082001600064100003600080245004300116260004100159300001600200365000700216650002500223210719s1993 xx 000 0 und d a0471634255 aeng a658.15 LANS aLANG (Hans J);MERINO (Donald N) aSelection process for capital projects aNew York.bJohn Wiley and Sonsc1993 axxi,697bHB cRs aFinancial Management